ნორმალური ფორმატი
MARC ფორმატი
ჩანაწერი Personal Name
ჩანაწერთა რაოდენობა, რომელიც გამოყენებულია: 1
001 - CONTROL NUMBER
- control field: 18824
003 - CONTROL NUMBER IDENTIFIER
- control field: GE_BSU
005 - DATE AND TIME OF LATEST TRANSACTION
- control field: 20230620151544.0
008 - FIXED-LENGTH DATA ELEMENTS
- fixed length control field: 230620|| aca||aabn | a|a d
040 ## - CATALOGING SOURCE
- Original cataloging agency: GE_BSU
- Transcribing agency: GE_BSU
100 ## - HEADING--PERSONAL NAME
- Personal name: რუსიშვილი, ნანა
670 ## - SOURCE DATA FOUND
- Source citation: Work cat.: (GE_BSU): რუსიშვილი, ნანა, ვაზის კულტურა საქართველოში პალეოეთნობოტანიკური მონაცემების საფუძველზე = Культура виноградной лозы в Грузии. Результаты палеоэтноботанических исследований = Grapevine Culture in Georgia on Basis of Palaeobotanical Data /
